|
|
|
|
| LEADER |
00000nam a2200000 a 4500 |
| 001 |
vtls010342192 |
| 003 |
SK-MaSNL |
| 005 |
20260302045616.0 |
| 008 |
220422s2011 xo a b 000 0 slo |
| 015 |
|
|
|a SNBA2012/05-02842
|
| 020 |
|
|
|a 9788081074103
|q (viaz.)
|
| 035 |
|
|
|a urn:nbn:sk:snk-am00a13n
|
| 035 |
|
|
|a 2442CD32-0219-4D17-96B8-0BC98F205BD1
|
| 035 |
|
|
|a urn:nbn:sk:snk-am3hcs3
|
| 040 |
|
|
|a SNK
|b slo
|c SNK
|e AACR2
|
| 041 |
1 |
|
|a slo
|h rus
|
| 044 |
|
|
|a xo
|c SK
|
| 072 |
|
7 |
|a 373.2/.3
|x Predškolská a primárna výchova a vzdelávanie
|2 konspekt
|
| 080 |
|
|
|a 373.2
|2 2001
|
| 080 |
|
|
|a 159.955.6
|2 2001
|
| 080 |
|
|
|a 159.955
|2 2001
|
| 080 |
|
|
|a (0.053.2)
|2 2001
|
| 240 |
1 |
0 |
|a Doškolnoj projekt, Veselyj trenažer, Podgotovka k škole
|l Slovensky
|
| 245 |
1 |
0 |
|a Veselé cvičenia
|b príprava do školy: predškolský projekt
|c [preklad: Mária Piskurová ; výtvarníci: R.G. Bikmuchmetovová ... et al.]
|
| 250 |
|
|
|a 1. slov. vyd.
|
| 260 |
|
|
|a Bratislava
|b Svojtka
|c 2011
|
| 300 |
|
|
|a 197 s.
|b ilustr.
|c 28 cm
|
| 650 |
0 |
7 |
|a predškolská výchova
|2 SNKPH
|9 3959
|
| 650 |
0 |
7 |
|a logické myslenie
|2 SNKPH
|9 1637
|
| 650 |
0 |
7 |
|a Preschool education
|2 SNKPH
|9 267868
|
| 650 |
0 |
7 |
|a Logical thinking
|2 SNKPHeng
|9 339868
|
| 650 |
0 |
7 |
|a Development of thought
|2 SNKPHeng
|9 312971
|
| 650 |
0 |
7 |
|a rozvoj myslenia
|2 SNKPH
|9 3967
|
| 655 |
|
7 |
|a publikácie pre deti
|2 SNKPH
|9 70148
|
| 655 |
|
7 |
|a Children's literature
|2 SNKPHeng
|9 276039
|
| 700 |
1 |
|
|a Piskurová, Mária
|4 trl
|9 313047
|
| 700 |
1 |
|
|a Bikmuchmetovova, R. G.
|4 ill
|9 619071
|
| 919 |
|
|
|a 978-80-8107-410-3
|
| 958 |
|
|
|a OP
|
| 958 |
|
|
|a DB
|
| 968 |
|
|
|b RUS
|d 37
|
| 999 |
|
|
|c 1094110
|d 1096040
|
| 952 |
|
|
|a SNK
|b SNK
|y PREZ
|7 0
|p 17A0877847
|o snkSB 82539
|i snk2012/4073
|8 0
|0 0
|1 0
|4 0
|d 2012-02-15
|f 1
|l 0
|r 2025-05-06 00:00:00
|w 2026-02-24
|
| 952 |
|
|
|a SNK
|b SNK
|y VYP
|7 0
|p 17A0877846
|o snkSB 82539 D1
|i snk2012/4074
|8 0
|0 0
|1 0
|4 0
|d 2012-02-15
|l 0
|r 2016-06-30 00:00:00
|w 2026-02-24
|